000 00619nam a2200229 a 4500
003 AR-BaBNM
005 20251128202808.0
008 082120s2002 ||||||||||||||000 | spa||
040 _cAR-BaBNM
100 1 _aMaeder, Ernesto J.A.
245 0 0 _aEvolución demográfica argentina
_bde 1810 a 1869
260 _aBuenos Aires
_bEudeba
_c1969
300 _a68 p.
_btablas, gráfs.
490 0 _aTemas. Estadística
650 4 _aDEMOGRAFIA
650 4 _aDEMOGRAFIA HISTORICA
650 4 _aHISTORIA SOCIAL
650 4 _aHISTORIA PROVINCIAL ARGENTINA
650 4 _aHISTORIA POLITICA
942 _cBK
998 _cmariana
999 _c607
_d607